Spájkovanie niklu s podporou elektrónového lúča

Saved in:
Bibliographic Details
Main Author: Chudý, Daniel (Author)
Other Authors: Koleňák, Roman (Thesis advisor)
Format: Manuscript Book
Language:Slovak
Published: 2025
Subjects:
Online Access:http://is.stuba.sk/zp/portal_zp.pl?podrobnosti=186034
Tags: Add Tag
No Tags, Be the first to tag this record!

MARC

LEADER 00000ntm a22000003a 4500
001 stuzp103689
003 SK-STU
005 20250614212136.0
007 ta
008 150427s2015----xo-----f-mn---000-0-slo-d
040 |a STU  |b slo 
041 0 |a slo 
100 1 |a Chudý, Daniel  |u 063000  |4 aut  |U MTF Materiálovotechnologická fakulta  |T MTF Ústav výrobných technológií  |X 99676  |U M3000  |Y 83  |7 99676 
242 0 1 |a Nickel soldering with electron beam support  |y eng 
245 1 0 |a Spájkovanie niklu s podporou elektrónového lúča 
260 |c 2025 
650 4 |a BiAg11Ti3  |2 eng 
650 4 |a Ni  |2 eng 
650 4 |a SiC  |2 eng 
650 4 |a electron beam brazing  |2 eng 
650 4 |a BiAg11Ti3  |2 slo 
650 4 |a Ni  |2 slo 
650 4 |a SiC  |2 slo 
650 4 |a spájkovanie elektrónovým lúčom  |2 slo 
700 1 |a Koleňák, Roman  |u 063100  |k Z1  |4 ths  |U MTF Ústav výrobných technológií  |T MTF Katedra zvárania a spájania materiálov  |X 2767  |U M3100  |Y 162  |7 A000002767 
856 4 |u http://is.stuba.sk/zp/portal_zp.pl?podrobnosti=186034 
996 |c M* DP-15555  |l MMSKP  |s P  |a 0  |w stuzp103689_0001